Ultimate "The Wire" Quiz Experts Only - Statistics

General Stats
  • This quiz has been taken 828 times
  • The average score is 8 of 20
Answer Stats
Hint Answer % Correct
City where the show takes place Baltimore
100%
Womanizing alcoholic detective forced to "ride the boat" Jimmy McNulty
95%
Famous Antihero, played by Michael K. Williams Omar Little
95%
"Sheeeeeeeeeeettttttt" -who said it? Clay Davis
78%
"I'm just a Gangsta I suppose" Avon Barksdale
63%
The "smart ass pawn" Bodie
63%
"All the pieces matter" - who said it? Lester Freamon
54%
Name of Herc and Carver's "Informant" from Season 2 Fuzzy Dunlop
52%
Refuses to kill Clay Davis because "That's some assasination shit" Slim Charles
47%
He has more bodies on him than a Chinese cemetery Brother Mouzone
35%
Bunny Colvin's first name Howard
30%
Stringer's assistant that takes "notes on a criminal fuckin conspiracy" Shamrock
24%
The instrument of Ray Cole's demise Stairmaster
21%
Where Cedric Daniels got his law degree University of Baltimore
20%
Beadie Russel's job before she became a port cop Taking tolls at the Fort McHenry Tunnel
15%
What are Tommy and Tony doing when Tony announces he's going to run for Mayor Playing racquetball
12%
She was involved in a love triangle with Lex and Fruit Patrice
11%
Frank Sobotka uses his union card to "get clean" Little Big Roy
5%
Key ingredient in Bubble's hot shot Sodium cyanide
4%
Corner where Dozerman gets shot North and Pulaski
1%
No matching quizzes found
Score Distribution
Percent of People with Each Score
Percentile by Number Answered
Your Score History
You have not taken this quiz